| 000 | 00727nam a22002297a 4500 | ||
|---|---|---|---|
| 999 |
_c14242 _d14242 |
||
| 003 | AR-CdUCM | ||
| 008 | 190422b ||||| |||| 00| 0 spa d | ||
| 020 | _a968-29-0007-7 | ||
| 040 |
_aMUNICIPALIDAD PROVINCIAL DEL CUSCO _cBIBLIOTECA MUNICIPAL DEL CUSCO |
||
| 082 |
_aES / 373.861 / _bL55 |
||
| 110 |
_aSEP cultura _932940 |
||
| 245 |
_aHomenaje a Ermilio Abreu Gómez : _bLas leyendas de Popol Vuh / |
||
| 260 |
_aMexico : _bSEP cultura, _c1985. |
||
| 300 |
_a99 paginas ; _bilustraciones, _c27 cm. |
||
| 500 | _aCuentos para niños y jovenes | ||
| 650 |
_aCuentos _9217 |
||
| 650 |
_aLiteratura _983 |
||
| 650 |
_aHistoria _9136 |
||
| 700 |
_aRosas, Florida _932941 |
||
| 942 |
_2ddc _cLIBROS |
||
| 945 |
_apjha _d2019-04-22 |
||